• 首页
  • 本馆介绍
  • 公告通知
  • 最新文献
  • 馆藏检索
  • 电子资源
  • 读者导购
  • 参考咨询
  • 我的图书馆
  • 登录
  • 详细信息显示
  • 放入我的书架
  • 预约/预借图书
  • 作者相关作品
  • 分类相关作品
  • 丛书相关作品
  • 出版社相关作品

书目信息

  • 表格格式
  • 工作单格式
  • 卡片格式
题名:
新媒体时代红色旅游教育元素融入高校思政教育研究
    
 
作者: 刘云鹤 著
分册:  
出版信息: 广州   广东旅游出版社  2021
页数: 193页
开本: 24cm
丛书名:
单 册:
中图分类: D642 , G641
科图分类:
主题词: 革命纪念地--ge ming ji nian di--革命传统教育--研究--中国 , 高等学校--gao deng xue jiao--思想政治教育--研究--中国
电子资源:
ISBN: 978-7-5570-2387-4
000 01358nam0 2200265 450
001 2151110140
005 20211018173724.0
010    @a978-7-5570-2387-4@dCNY48.00
100    @a20210525d2021 em y0chiy0120 ea
101 0  @achi
102    @aCN@b440000
105    @ay az 000yy
106    @ar
200 1  @a新媒体时代红色旅游教育元素融入高校思政教育研究@Axin mei ti shi dai hong se lv you jiao yu yuan su rong ru gao jiao si zheng jiao yu yan jiu@f刘云鹤著
210    @a广州@c广东旅游出版社@d2021
215    @a193页@d24cm
320    @a有书目 (第189-193页)
330    @a红色旅游教育是一种学习历史知识、接受传统教育和振奋精神、放松身心、增加阅历的学习活动,在新媒体时代是对大学生进行思想政治教育的有效途径,它促进了传统思想政治教育观念的改变、内容的丰富、方法的创新。而引进大学生思想政治教育有利于提升红色文化内涵、开发红色旅游专项产品和推动红色旅游市场营销。本书详细描述了红色旅游教育、大学生思想政治教育的指导理论及其在新形势下的运用;大学生思想政治教育的目标取向、主要任务、主体定位;当代大学生的特点与成长规律;大学生思想政治教育的基本原则、主要方法与资源整合。
606 0  @a革命纪念地@Age ming ji nian di@x革命传统教育@x研究@y中国
606 0  @a高等学校@Agao deng xue jiao@x思想政治教育@x研究@y中国
690    @aD642@v5
690    @aG641@v5
701  0 @a刘云鹤@Aliu yun he@4著
801  0 @aCN@b百万庄@c20211016
905    @b1310012-15@dD642@e246@f4
    
    新媒体时代红色旅游教育元素融入高校思政教育研究/刘云鹤著.-广州:广东旅游出版社,2021
    193页;24cm
    
    
    ISBN 978-7-5570-2387-4:CNY48.00
    红色旅游教育是一种学习历史知识、接受传统教育和振奋精神、放松身心、增加阅历的学习活动,在新媒体时代是对大学生进行思想政治教育的有效途径,它促进了传统思想政治教育观念的改变、内容的丰富、方法的创新。而引进大学生思想政治教育有利于提升红色文化内涵、开发红色旅游专项产品和推动红色旅游市场营销。本书详细描述了红色旅游教育、大学生思想政治教育的指导理论及其在新形势下的运用;大学生思想政治教育的目标取向、主要任务、主体定位;当代大学生的特点与成长规律;大学生思想政治教育的基本原则、主要方法与资源整合。
●
相关链接 在E读中查询图书 在五车中查询图书 在当当中查询图书 在豆瓣中查询图书


正题名:新媒体时代红色旅游教育元素融入高校思政教育研究     索取号:D642/246         预约/预借

序号 登录号 条形码 馆藏地/架位号 状态 备注
1 1310012   213100124   第一样本阅览室/ [索取号:D642/246] 在馆    
2 1310013   213100133   第一借阅区/ [索取号:D642/246] 在馆    
3 1310014   213100142   第一借阅区/ [索取号:D642/246] 在馆    
4 1310015   213100151   第一借阅区/ [索取号:D642/246] 在馆    
唐山师范学院图书馆 欢迎您!
大连网信软件有限公司© 版权所有